书目信息 |
| 题名: |
美国合同法
|
|
| 作者: | 怀亚特 , 怀亚特 著 ;汪仕贤 译 | |
| 分册: | ||
| 出版信息: | 北京 北京大学出版社 1980.6 |
|
| 页数: | 110页 | |
| 开本: | 19cm | |
| 丛书名: | ||
| 单 册: | ||
| 中图分类: | D971.2 | |
| 科图分类: | ||
| 主题词: | 法律 | |
| 电子资源: | ||
| ISBN: | ||
| 000 | 00992nam0 2200229 45 | |
| 001 | 0305211499 | |
| 005 | 20060731093014.87 | |
| 010 | @dCNY0.40 | |
| 091 | @a6209.1 | |
| 100 | @a20030521d1980 km y0chiy0120 ea | |
| 101 | 0 | @achi |
| 200 | 1 | @a美国合同法@AMei Guo He Tong Fa@e节译自约翰·怀亚特和麦迪·怀亚特合著的“商法(原则与案例)第二部分“@EJie Yi Zi Yue Han·Huai Ya Te He Mai Di·Huai Ya Te He Zhu De“Shang Fa(Yuan Ze Yu An Li)Di Er Bu Fen“@f(美)约翰·怀亚特,麦迪·怀亚特著@F(Mei)Yue Han·Huai Ya Te,Mai Di·Huai Ya Te Zhu@g汪仕贤等译 |
| 210 | @a北京@c北京大学出版社@d1980.6 | |
| 215 | @a110页@d19cm | |
| 517 | @a节译自约翰·怀亚特和麦迪·怀亚特合著的“商法(原则与案例)第二部分“@AJie Yi Zi Yue Han·Huai Ya Te He Mai Di·Huai Ya Te He Zhu De“Shang Fa(Yuan Ze Yu An Li)Di Er Bu Fen“ | |
| 606 | 0 | @a法律 |
| 690 | @aD971.2@v3 | |
| 701 | 0 | @a怀亚特@4著 |
| 701 | 0 | @a怀亚特@4著 |
| 702 | 0 | @a汪仕贤@AWang Shi Xian@4译 |
| 801 | @aCN@bTSTC@c20060731 | |
| 905 | @dD971.2@e4@f2@b35233-234 | |
| 美国合同法:节译自约翰·怀亚特和麦迪·怀亚特合著的“商法(原则与案例)第二部分“/(美)约翰·怀亚特,麦迪·怀亚特著/汪仕贤等译.-北京:北京大学出版社,1980.6 |
| 110页;19cm |
| ISBN :CNY0.40 |
| ● |
| 相关链接 |
|
|
|
|
正题名:美国合同法
索取号:D971.2/4
 
预约/预借
| 序号 | 登录号 | 条形码 | 馆藏地/架位号 | 状态 | 备注 |
| 1 | 0035233 | 001258025 | 第一样本阅览室/ [索取号:D971.2/4] | 在馆 | |
| 2 | 0035234 | 001258016 | 密集书库/ [索取号:D971.2/4] | 在馆 | |
| 3 | 0035235 | 001795463 | 密集书库/ [索取号:D971.2/4] | 在馆 | |
| 4 | 0440743 | 204407436 | 密集书库/ [索取号:D971.2/4] | 在馆 |